[Event "County-ch Final"]
[Site "Egham"]
[Date "2023.07.01"]
[Round "1.13"]
[White "Coles, Steven F"]
[Black "Hodgson, John H"]
[Result "1-0"]
[WhiteElo "1997"]
[BlackElo "2054"]
[PlyCount "50"]
[EventDate "2023.07.01"]
[EventType "team-match"]
[EventRounds "1"]
[EventCountry "ENG"]
[SourceTitle "CBM 215 Extra"]
[Source "ChessBase"]
[SourceDate "2023.09.30"]
[SourceVersion "1"]
[SourceVersionDate "2023.09.30"]
[SourceQuality "1"]
[WhiteTeam "Middlesex"]
[BlackTeam "Surrey"]
[WhiteTeamCountry "ENG"]
[BlackTeamCountry "ENG"]

1. d4 Nf6 2. Bg5 c5 3. Bxf6 gxf6 4. d5 Qb6 5. Qc1 f5 6. e3 Bg7 7. c3 d6 8. Ne2 Nd7 9. Nf4 Nf6 10. g3 h5 11. h4 e5 12. dxe6 fxe6 13. Bg2 Bd7 14. 0-0 e5 15. Nd5 Nxd5 16. Bxd5 0-0-0 17. Nd2 Kb8 18. Nc4 Qc7 19. b4 Bc6 20. Qd2 f4 21. Na5 Bxd5 22. Qxd5 cxb4 23. Rab1 Rdf8 24. Rxb4 b6 25. Rc4 bxa5 1-0